Nejronnyje seti i cepi Markova

Salvato in:
Dettagli Bibliografici
Autore principale: Četajev, Aleksander Nikolajevič (Autore)
Natura: Libro
Lingua:russo
Pubblicazione: Moskva : Nauka, 1985
Tags: Aggiungi Tag
Nessun Tag, puoi essere il primo ad aggiungerne!!

MARC

LEADER 00000nam a22000003a 4500
001 stu86337
005 20150617225630.7
008 040427s1985------------------------rus-d
040 |a STU  |b slo 
041 0 |a rus 
080 |a 519.217 
080 |a 519.87 
080 |a 612 
100 1 |a Četajev, Aleksander Nikolajevič  |4 aut 
245 1 |a Nejronnyje seti i cepi Markova 
260 |a Moskva :  |b Nauka,  |c 1985 
300 |a 125 s 
996 |b E57945  |c E*57945  |l EE22  |s P  |a 0  |w stu86337_0001 
996 |c I*15NS3140  |l I  |s A  |a 24  |w stu86337_0002